[Event "Titled Tuesday intern op 28th Feb Early"]
[Site "Chess.com INT"]
[Date "2023.02.28"]
[Round "2"]
[White "Kislov, Oleg"]
[Black "Amin, Bassem"]
[Result "0-1"]
[WhiteElo "2206"]
[BlackElo "2688"]
[PlyCount "84"]
[EventDate "2023.02.28"]
[EventType "swiss (blitz)"]
[EventRounds "11"]
[EventCountry "USA"]
[SourceTitle "CBM 213 Extra"]
[Source "ChessBase"]
[SourceDate "2023.05.31"]
[SourceVersion "1"]
[SourceVersionDate "2023.05.31"]
[SourceQuality "1"]

1. e4 e5 2. Nf3 Nc6 3. d4 exd4 4. Nxd4 Nf6 5. Nc3 Bb4 6. Nxc6 bxc6 7. Bd3 d5 8. exd5 Qe7+ 9. Qe2 Qxe2+ 10. Bxe2 Ne4 11. Bd2 Bxc3 12. Bxc3 Nxc3 13. bxc3 cxd5 14. 0-0-0 Be6 15. Bb5+ Ke7 16. Rhe1 Kf6 17. Bc6 Rad8 18. Re3 Rd6 19. Bb5 Rb8 20. Be2 Rdb6 21. Bf3 Rb2 22. Rd4 Bf5 23. Re2 Rb1+ 24. Kd2 R8b2 25. Ke3 c6 26. Ra4 Rb7 27. Kd4 Be6 28. Kc5 R1b5+ 29. Kxc6 Bd7+ 30. Kd6 R5b6+ 31. Kc5 Bxa4 32. Bxd5 Rc7+ 33. Kd4 Rb2 34. c4 Rxa2 35. Re3 g5 36. c5 Rxc2 37. Rf3+ Kg7 38. Be4 R2xc5 39. Rh3 Rc4+ 40. Ke5 Re7+ 41. Kf5 Rcxe4 42. f3 R7e5# 0-1

[Event "Titled Tuesday intern op 28th Feb Early"]
[Site "Chess.com INT"]
[Date "2023.02.28"]
[Round "11"]
[White "Kislov, Oleg"]
[Black "Kim, Sergey2"]
[Result "1/2-1/2"]
[WhiteElo "2206"]
[BlackElo "2295"]
[PlyCount "111"]
[EventDate "2023.02.28"]
[EventType "swiss (blitz)"]
[EventRounds "11"]
[EventCountry "USA"]
[SourceTitle "CBM 213 Extra"]
[Source "ChessBase"]
[SourceDate "2023.05.31"]
[SourceVersion "1"]
[SourceVersionDate "2023.05.31"]
[SourceQuality "1"]

1. e4 e5 2. Nf3 Nc6 3. d4 exd4 4. Nxd4 Bc5 5. Be3 Qf6 6. c3 Nge7 7. Bc4 d6 8. 0-0 a6 9. Nxc6 Nxc6 10. Bxc5 dxc5 11. f4 Be6 12. e5 Qe7 13. Qe2 0-0-0 14. Bxe6+ Qxe6 15. Nd2 Qd5 16. Ne4 c4 17. Rad1 Qb5 18. Ng5 Qc5+ 19. Qf2 Qxf2+ 20. Kxf2 Rxd1 21. Rxd1 Nd8 22. Ke3 h6 23. Ne4 Re8 24. Rd4 b5 25. Nc5 a5 26. a4 f6 27. Ke4 fxe5 28. fxe5 Nc6 29. Rd5 b4 30. e6 g6 31. h4 Ne7 32. Rd4 Nf5 33. Rd7 Nxh4 34. g4 h5 35. gxh5 gxh5 36. Rh7 Ng6 37. Rxh5 Ne7 38. Kd4 c6 39. Kxc4 bxc3 40. bxc3 Kc7 41. Rh1 Rg8 42. Rd1 Rd8 43. Rxd8 Kxd8 44. Nb7+ Kc7 45. Nxa5 Kd6 46. Nb7+ Kxe6 47. Kc5 Kd7 48. c4 Kc7 49. Nd6 Ng6 50. a5 Ne5 51. Ne8+ Kb7 52. Nf6 Ka6 53. Kd4 Nxc4 54. Kxc4 Kxa5 55. Kc5 Ka4 56. Kxc6 1/2-1/2

[Event "Titled Tuesday intern op 28th Feb Early"]
[Site "Chess.com INT"]
[Date "2023.02.28"]
[Round "4"]
[White "Kislov, Oleg"]
[Black "Piskov, Yury"]
[Result "0-1"]
[WhiteElo "2206"]
[BlackElo "2442"]
[PlyCount "134"]
[EventDate "2023.02.28"]
[EventType "swiss (blitz)"]
[EventRounds "11"]
[EventCountry "USA"]
[SourceTitle "CBM 213 Extra"]
[Source "ChessBase"]
[SourceDate "2023.05.31"]
[SourceVersion "1"]
[SourceVersionDate "2023.05.31"]
[SourceQuality "1"]

1. e4 c5 2. Nf3 Nc6 3. c3 e6 4. d4 cxd4 5. cxd4 d5 6. e5 Qb6 7. Nc3 h6 8. Bd3 Bd7 9. Ne2 0-0-0 10. a3 g5 11. h3 Nge7 12. b4 Kb8 13. Bb2 a6 14. Qd2 Rg8 15. g4 Rc8 16. Bc3 Ng6 17. Rb1 Na7 18. 0-0 Bb5 19. Rfc1 Bxd3 20. Qxd3 Nb5 21. Bd2 Rxc1+ 22. Rxc1 Na7 23. Qb3 Nc6 24. Rb1 Be7 25. Be3 f6 26. exf6 Bxf6 27. a4 Rd8 28. b5 Nce7 29. bxa6 Qxa6 30. Nc3 Rc8 31. Nb5 Ka8 32. Qb4 Rc6 33. Nd2 Nh4 34. Nb3 Rc4 35. Qd6 Qxd6 36. Nxd6 Rb4 37. a5 Nc6 38. Nd2 Rxb1+ 39. Nxb1 Nf3+ 40. Kg2 Nfxd4 41. Nd2 Kb8 42. Ne8 Bd8 43. Ng7 e5 44. Bxd4 Nxd4 45. Nf5 Nxf5 46. gxf5 Kc7 47. Kf3 Kc6 48. Kg4 Bxa5 49. Nf3 Kd6 50. Kh5 e4 51. Nh2 d4 52. Kg6 d3 53. f6 Ke6 54. f7 Bb4 55. Ng4 Bf8 56. Ne3 d2 57. Nd1 b5 58. Nb2 b4 59. Nd1 b3 60. Nb2 Ba3 61. Nd1 h5 62. Kg7 b2 63. f8Q Bxf8+ 64. Kxf8 b1Q 65. Ne3 d1Q 66. Nxd1 Qxd1 67. Kg7 Qd5 0-1

[Event "Titled Tuesday intern op 28th Feb Early"]
[Site "Chess.com INT"]
[Date "2023.02.28"]
[Round "10"]
[White "Kislov, Oleg"]
[Black "Starozhilov, Leonid"]
[Result "1-0"]
[WhiteElo "2206"]
[BlackElo "2293"]
[PlyCount "117"]
[EventDate "2023.02.28"]
[EventType "swiss (blitz)"]
[EventRounds "11"]
[EventCountry "USA"]
[SourceTitle "CBM 213 Extra"]
[Source "ChessBase"]
[SourceDate "2023.05.31"]
[SourceVersion "1"]
[SourceVersionDate "2023.05.31"]
[SourceQuality "1"]

1. e4 g6 2. d4 Bg7 3. Nc3 d6 4. Be3 a6 5. Qd2 b5 6. f3 Nd7 7. Nh3 Nb6 8. Nf2 Nf6 9. Bh6 Bxh6 10. Qxh6 b4 11. Ncd1 c5 12. d5 e6 13. dxe6 Bxe6 14. Ne3 Qe7 15. Rd1 Rg8 16. h4 Nh5 17. g4 Ng3 18. Rh2 Nxf1 19. Kxf1 0-0-0 20. Qf4 Kb7 21. g5 Rge8 22. Nfg4 Bxg4 23. Nxg4 Qe6 24. b3 d5 25. Rhd2 d4 26. Nf6 Re7 27. Kg2 Rc7 28. Qg4 Qd6 29. Nxh7 Nd7 30. Qg3 Qc6 31. e5 Re8 32. Re1 Nb6 33. Nf6 Re6 34. Kf2 Rce7 35. f4 Nd5 36. Nxd5 Qxd5 37. Qf3 Kc6 38. Qxd5+ Kxd5 39. Kf3 Re8 40. h5 gxh5 41. Rh1 Rh8 42. Rdh2 c4 43. bxc4+ Kxc4 44. Ke4 Rd8 45. Rh3 a5 46. Rd3 Rc6 47. Rxh5 a4 48. Rh1 Rc5 49. Rhd1 Rcd5 50. Kf5 a3 51. g6 fxg6+ 52. Kxg6 Kc5 53. e6 Rf8 54. e7 Re8 55. Kf7 Rh8 56. e8Q Rf5+ 57. Ke6 Rxe8+ 58. Kxf5 Rd8 59. Ke4 1-0

[Event "Titled Tuesday intern op 28th Feb Early"]
[Site "Chess.com INT"]
[Date "2023.02.28"]
[Round "9"]
[White "Rian, Kapriaga"]
[Black "Kislov, Oleg"]
[Result "0-1"]
[WhiteElo "2089"]
[BlackElo "2206"]
[PlyCount "104"]
[EventDate "2023.02.28"]
[EventType "swiss (blitz)"]
[EventRounds "11"]
[EventCountry "USA"]
[SourceTitle "CBM 213 Extra"]
[Source "ChessBase"]
[SourceDate "2023.05.31"]
[SourceVersion "1"]
[SourceVersionDate "2023.05.31"]
[SourceQuality "1"]

1. d4 d5 2. Nf3 Nf6 3. Bf4 e6 4. e3 c5 5. Nbd2 Nc6 6. c3 Bd6 7. Ne5 cxd4 8. exd4 Qc7 9. Ndf3 Ne4 10. Bd3 f6 11. Nxc6 Bxf4 12. Nb4 Nxc3 13. Qc2 Ne4 14. Bxe4 dxe4 15. Qxe4 Bd6 16. Nd3 Qa5+ 17. Ke2 0-0 18. Rhd1 Qd5 19. Qxd5 exd5 20. h3 b6 21. Kf1 Ba6 22. Kg1 Rfe8 23. Rac1 Re2 24. Rb1 Rc8 25. Nfe1 Rc4 26. Nc1 Re4 27. Nb3 Re2 28. Nc1 Re8 29. b3 Rc3 30. Nf3 Kf7 31. Rb2 Rec8 32. Ne2 Rc2 33. Rxc2 Rxc2 34. Nc1 Ba3 35. Nd3 Bxd3 36. Rxd3 Rxa2 37. g3 Bd6 38. Kg2 a5 39. Nd2 b5 40. Nf1 a4 41. bxa4 bxa4 42. Ne3 Ke6 43. Rc3 a3 44. Rc6 Rb2 45. Ra6 a2 46. Kf3 g6 47. g4 f5 48. gxf5+ gxf5 49. Ng2 Rb3+ 50. Ne3 Ra3 51. Rxa3 Bxa3 52. Nc2 Bb2 0-1

[Event "Titled Tuesday intern op 28th Feb Early"]
[Site "Chess.com INT"]
[Date "2023.02.28"]
[Round "8"]
[White "Van Dael, Siem"]
[Black "Kislov, Oleg"]
[Result "1/2-1/2"]
[WhiteElo "2309"]
[BlackElo "2206"]
[PlyCount "133"]
[EventDate "2023.02.28"]
[EventType "swiss (blitz)"]
[EventRounds "11"]
[EventCountry "USA"]
[SourceTitle "CBM 213 Extra"]
[Source "ChessBase"]
[SourceDate "2023.05.31"]
[SourceVersion "1"]
[SourceVersionDate "2023.05.31"]
[SourceQuality "1"]

1. e4 c5 2. Nf3 Nc6 3. d4 cxd4 4. Nxd4 e5 5. Nb5 d6 6. c4 Be7 7. N5c3 Nf6 8. Bd3 0-0 9. 0-0 Be6 10. Nd5 Bxd5 11. cxd5 Nd4 12. Be3 Nd7 13. Na3 a6 14. Nc2 Nxc2 15. Qxc2 Rc8 16. Qb3 b5 17. a4 Nc5 18. Bxc5 Rxc5 19. axb5 axb5 20. Rfc1 Qb6 21. Rxc5 Qxc5 22. Qxb5 Qxb5 23. Bxb5 Rb8 24. Bc6 Rxb2 25. Ra8+ Bf8 26. g3 g6 27. Kg2 Kg7 28. h4 h5 29. Ra7 Rb8 30. Bd7 Kf6 31. Kh3 Be7 32. f3 Bd8 33. Be8 Be7 34. Bc6 Rb3 35. Kg2 Rb2+ 36. Kg1 Bd8 37. Rb7 Rxb7 38. Bxb7 g5 39. hxg5+ Kxg5 40. Bc6 h4 41. Kg2 Ba5 42. Be8 f6 43. Bd7 Be1 44. f4+ exf4 45. gxh4+ Bxh4 46. Kf3 Bg3 47. Bg4 Kh6 48. Bf5 Kg7 49. Kg4 Kf8 50. Kh5 Ke7 51. Kg4 Kd8 52. Kf3 Kc7 53. Ke2 Kb6 54. Bg4 Kc5 55. Kd3 Kb4 56. Bf3 Kb3 57. Bd1+ Kb2 58. Be2 Kc1 59. Bf3 Bf2 60. Bg4 Bc5 61. Bh5 Ba3 62. Kc3 Bb2+ 63. Kd3 Be5 64. Ke2 Kc2 65. Kf3 Kd3 66. Bg4 Kd4 67. Be6 1/2-1/2

[Event "Titled Tuesday intern op 27th Sep Early"]
[Site "Chess.com INT"]
[Date "2022.09.27"]
[Round "11"]
[White "Kislov, Oleg"]
[Black "Arabidze, Meri"]
[Result "1-0"]
[WhiteElo "2206"]
[BlackElo "2422"]
[PlyCount "57"]
[EventDate "2022.09.27"]
[EventType "swiss (blitz)"]
[EventRounds "11"]
[EventCountry "USA"]
[SourceTitle "CBM 210 Extra"]
[Source "ChessBase"]
[SourceDate "2022.11.30"]
[SourceVersion "1"]
[SourceVersionDate "2022.11.30"]
[SourceQuality "1"]

1. e4 c5 2. Nf3 e6 3. c3 d5 4. exd5 exd5 5. d4 Nc6 6. Be2 c4 7. b3 cxb3 8. axb3 Bd6 9. 0-0 Nge7 10. Ba3 0-0 11. Re1 Ng6 12. g3 Bg4 13. Nbd2 a6 14. Nf1 Bxa3 15. Rxa3 Re8 16. Ne3 Bh3 17. Bf1 Bxf1 18. Rxf1 h6 19. Re1 Qd7 20. Ra2 Re4 21. Qd3 Rae8 22. Rae2 b5 23. Nd2 R4e6 24. b4 Nce7 25. Nb3 Rf6 26. Nc5 Qh3 27. Nxd5 Nh4 28. Nxf6+ gxf6 29. gxh4 1-0

[Event "Titled Tuesday intern op 27th Sep Early"]
[Site "Chess.com INT"]
[Date "2022.09.27"]
[Round "6"]
[White "Kislov, Oleg"]
[Black "Mirzoev, Azer"]
[Result "1-0"]
[WhiteElo "2206"]
[BlackElo "2454"]
[PlyCount "81"]
[EventDate "2022.09.27"]
[EventType "swiss (blitz)"]
[EventRounds "11"]
[EventCountry "USA"]
[SourceTitle "CBM 210 Extra"]
[Source "ChessBase"]
[SourceDate "2022.11.30"]
[SourceVersion "1"]
[SourceVersionDate "2022.11.30"]
[SourceQuality "1"]

1. e4 c5 2. Nf3 d6 3. c3 Nf6 4. Be2 Nbd7 5. Qc2 Qc7 6. d4 cxd4 7. Nxd4 a6 8. a4 g6 9. 0-0 Bg7 10. a5 0-0 11. Be3 Nc5 12. Nd2 d5 13. exd5 Nxd5 14. Bg5 Nf4 15. Bf3 h6 16. Bh4 e5 17. Ne2 Bf5 18. Ne4 g5 19. Nf6+ Bxf6 20. Qxf5 Kg7 21. Bg3 Rad8 22. h4 Rd2 23. Rfe1 Rxb2 24. Rad1 Qc8 25. Qxc8 Rxc8 26. hxg5 hxg5 27. Bxf4 exf4 28. Nd4 Kf8 29. Nf5 Rd8 30. Rxd8+ Bxd8 31. Rd1 Bxa5 32. Rd5 Bb6 33. Nd4 Nd3 34. Rxg5 Nxf2 35. Rf5 Nd3 36. Kh2 Ne1 37. Bd5 Bc7 38. Rxf7+ Ke8 39. Rxc7 b5 40. Ne6 a5 41. Bc6# 1-0

[Event "Titled Tuesday intern op 20th Sep Early"]
[Site "Chess.com INT"]
[Date "2022.09.20"]
[Round "3"]
[White "Jaracz, Pawel"]
[Black "Kislov, Oleg"]
[Result "1-0"]
[WhiteElo "2463"]
[BlackElo "2206"]
[PlyCount "139"]
[EventDate "2022.09.20"]
[EventType "swiss (blitz)"]
[EventRounds "11"]
[EventCountry "USA"]
[SourceTitle "EXT 2023"]
[Source "ChessBase"]
[SourceDate "2022.10.05"]
[SourceVersion "1"]
[SourceVersionDate "2022.10.05"]
[SourceQuality "1"]

1. e4 e6 2. d4 d5 3. Nd2 Nf6 4. e5 Nfd7 5. f4 c5 6. Ngf3 cxd4 7. Nxd4 Nxe5 8. Bb5+ Nbc6 9. 0-0 Qb6 10. N2b3 Nc4 11. Kh1 Bd7 12. Bxc6 bxc6 13. Nf3 Bd6 14. Qe1 0-0 15. Nbd4 c5 16. Ne2 Be7 17. b3 Bf6 18. Rb1 Nd6 19. Ne5 Bb5 20. Rf3 Bxe2 21. Qxe2 Ne4 22. Bb2 Rfd8 23. Rh3 g6 24. Rf1 Qc7 25. g4 a5 26. g5 Bg7 27. c4 Qb7 28. Qg2 a4 29. cxd5 exd5 30. f5 d4 31. f6 Bf8 32. Rf4 Nd6 33. Nc6 Re8 34. Qd5 Re1+ 35. Kg2 Re2+ 36. Kf1 Rxb2 37. Rfh4 h5 38. Rxh5 Qb5+ 39. Kg1 Rb1+ 40. Kg2 Qf1+ 41. Kg3 gxh5 42. g6 Qg1+ 43. Kf4 Qxg6 44. Rg3 Rf1+ 45. Ke5 Re8+ 46. Ne7+ Bxe7 47. Rxg6+ Kh8 48. Rh6+ Kg8 49. fxe7 Rf5+ 50. Kxd6 Rxd5+ 51. Kxd5 Rxe7 52. Rxh5 d3 53. Kd6 d2 54. Rd5 Re2 55. Kxc5 a3 56. b4 Rxh2 57. b5 d1Q 58. Rxd1 Rxa2 59. b6 Rc2+ 60. Kb5 Rb2+ 61. Kc6 a2 62. Rd8+ Kg7 63. Ra8 f5 64. b7 Kf6 65. Rxa2 Rb1 66. Ra6 Ke5 67. Rb6 Rc1+ 68. Kd7 Rd1+ 69. Ke7 Rc1 70. b8Q+ 1-0

[Event "Titled Tuesday intern op 22nd Feb Early"]
[Site "Chess.com INT"]
[Date "2022.02.22"]
[Round "2"]
[White "Jaracz, Pawel"]
[Black "Kislov, Oleg"]
[Result "1-0"]
[WhiteElo "2459"]
[BlackElo "2249"]
[PlyCount "105"]
[EventDate "2022.02.22"]
[EventType "swiss (blitz)"]
[EventRounds "11"]
[EventCountry "USA"]
[SourceTitle "CBM 207 Extra"]
[Source "ChessBase"]
[SourceDate "2022.05.31"]
[SourceVersion "1"]
[SourceVersionDate "2022.05.31"]
[SourceQuality "1"]

1. e4 e6 2. d4 d5 3. Nd2 Nf6 4. e5 Nfd7 5. c3 c5 6. Bd3 Nc6 7. Ne2 cxd4 8. cxd4 f6 9. exf6 Nxf6 10. Nf3 Bd6 11. 0-0 0-0 12. Nc3 e5 13. dxe5 Nxe5 14. Be2 Kh8 15. Bg5 Be6 16. Nd4 Bg8 17. Qb3 Qd7 18. Rad1 Rae8 19. h3 Bb8 20. Bh4 a6 21. Bg3 Nc6 22. Bxb8 Rxb8 23. Bf3 Rbd8 24. Rfe1 b5 25. Nxc6 Qxc6 26. Rd4 Rd7 27. Re5 Rfd8 28. Qd1 a5 29. a3 Qc5 30. Ne2 Qd6 31. Re3 Qc5 32. b4 axb4 33. axb4 Qa7 34. Nc3 Qb7 35. Red3 Qc6 36. g4 h6 37. h4 Bh7 38. Re3 Ne4 39. Ne2 Qf6 40. Bxe4 Bxe4 41. Ng3 Bh7 42. h5 Qd6 43. Qe2 Rf7 44. Re8+ Rf8 45. Rxd8 Rxd8 46. Qxb5 Rf8 47. Qe2 Qf6 48. Qd2 Qe5 49. Rxd5 Qa1+ 50. Kh2 Qa8 51. b5 Qb7 52. Qd4 Bg8 53. Rd7 1-0

[Event "Titled Tuesday intern op 22nd Feb Early"]
[Site "Chess.com INT"]
[Date "2022.02.22"]
[Round "10"]
[White "Kislov, Oleg"]
[Black "Garv, Gaur"]
[Result "1/2-1/2"]
[WhiteElo "2249"]
[BlackElo "2083"]
[PlyCount "92"]
[EventDate "2022.02.22"]
[EventType "swiss (blitz)"]
[EventRounds "11"]
[EventCountry "USA"]
[SourceTitle "CBM 207 Extra"]
[Source "ChessBase"]
[SourceDate "2022.05.31"]
[SourceVersion "1"]
[SourceVersionDate "2022.05.31"]
[SourceQuality "1"]

1. d4 d5 2. Nc3 Nf6 3. Bg5 e6 4. e4 dxe4 5. Nxe4 Be7 6. Bxf6 Bxf6 7. Nf3 Be7 8. Bd3 Nd7 9. Qe2 Nf6 10. c3 b6 11. Ne5 a6 12. Qf3 Bd7 13. 0-0 Bd6 14. Nxf6+ gxf6 15. Nxd7 Kxd7 16. Be4 Rb8 17. Bc6+ Ke7 18. Rae1 Qg8 19. d5 e5 20. Qf5 Qg5 21. Qd7+ Kf8 22. f4 exf4 23. Qh3 Kg7 24. Rf3 h5 25. Kh1 Qg4 26. Re4 f5 27. Re2 Qxh3 28. Rxh3 Kf6 29. Rf3 Rbg8 30. Kg1 Rg4 31. Kf1 Rhg8 32. a4 a5 33. Bb5 Bc5 34. Rh3 h4 35. Rf3 Be3 36. Bd3 Rd8 37. c4 Rgg8 38. Bxf5 Rge8 39. Bd3 Ke5 40. Bc2 Kd4 41. b3 Rg8 42. Rh3 Rh8 43. Rf3 Rhg8 44. Rh3 Rh8 45. Rf3 Rde8 46. Rh3 Rd8 1/2-1/2